Sports Quiz

Random Sports or NFL Quiz

Active NFL Leaders in NON-OFFENSE TDs Quiz Stats

 Plays Quiz not verified by Sporcle

Score 0/16 Timer 08:00
0 Plays Today
Teams Player % Correct
ChicagoDevin Hester
93.5%
BaltimoreEd Reed
91.6%
Oakland & Green BayCharles Woodson
86.4%
Tampa BayRonde Barber
79.3%
Green Bay, Minnesota, New OrleansDarren Sharper
78%
ClevelandJoshua Cribbs
70.9%
Atlanta, Oakland, WashingtonDeAngelo Hall
55.7%
Tennessee, Dallas, CincinnatiAdam 'Pacman' Jones
47.2%
Teams Player % Correct
CarolinaSteve Smith
45%
New York Jets & SeattleLeon Washington
42.7%
Miami, Washington, New York JetsJason Taylor
35.3%
Pittsburgh & WashingtonAntwaan Randle El
31.4%
Buffalo & San FranciscoNate Clements
30.7%
BuffaloTerrence McGee
15.2%
TennesseeKeith Bulluck
8.7%
Oak, Hou, TB, Det, WashPhillip Buchanon
5.5%

You're not logged in!

Compare scores with friends on all Sporcle quizzes.
OR
Log In

Show Comments

Extras

Top Quizzes Today


Score Distribution

Your Account Isn't Verified!

In order to create a playlist on Sporcle, you need to verify the email address you used during registration. Go to your Sporcle Settings to finish the process.

Report this User

Report this user for behavior that violates our Community Guidelines.

Details: